| 000 | 00406nam a22001577a 4500 | ||
|---|---|---|---|
| 999 |
_c11149 _d11149 |
||
| 003 | OSt | ||
| 008 | 220414b ||||| |||| 00| 0 eng d | ||
| 020 | _a9788121204538 | ||
| 082 | _a330.954 DUP | ||
| 100 | _aDUTT, R.C. | ||
| 245 | _aProblems of Indian's Development | ||
| 260 |
_aNew Delhi _bGyan Publishing House _c1994 |
||
| 300 | _a331 | ||
| 650 | _aProblems of India's Development | ||
| 942 |
_2ddc _cBK |
||